000 00553nam a2200181 i 4500
001 146063
003 ES-MaACL
005 20230906201413.0
007 t|
008 070730s1972 sp ||||1| spa d
100 1 _aTorrero, Antonio.
_9110870
245 1 0 _aAnálisis financiero del sector bancario... 1972 /
_cDirectores: Antonio Torrero, Adolfo Sánchez Real.
260 _a[Madrid :
_bAGECO,
_c1972]
300 _a174 p. ;
_c21 cm.
700 1 _aSánchez Real, Adolfo.
_9102869
710 2 _aAGECO.
_91259
852 _aES-MaACL
_jC-47881
_bR.84374
999 _c146063
_d146063